Responses for Show #4212 - Tuesday, December 17, 2002

Contestants

[<< previous game]

Tom Lundregan, a computer network manager from Springfield, Virginia

Catherine Pritchard, a newspaper columnist from Fayetteville, North Carolina

Elizabeth Baxter, a college student from Broken Arrow, Oklahoma (whose 1-day cash winnings total $7,100)

[next game >>]

Jeopardy! Round responses

I LOVE THE NIGHTLIFE
(Alex: What's the next one? I LOVE TO BOOGIE... no!)
ARGENTINA
STUPID ANSWERS
ANATOMY
LUNAR TUNES
CAN WE TALK?
    $200 16
Nashville

Elizabeth
    $200 26
(Tom: What are vaqueros?)

gauchos

CatherineTom
    $200 6
Jane Eyre

Elizabeth
    $200 11
teeth

Catherine
    $200 21
"Blue Moon"

Tom
    $200 1
chew

Catherine
    $400 17
Walt Disney World

Elizabeth
    $400 27
Pampas

Elizabeth
    $400 7
Jill Scott

Tom
    $400 12
ovaries

Elizabeth
    $400 22
"Moon River"

Tom
    $400 2
hesitates

Elizabeth
    $600 18
Luxor

Elizabeth
    $600 28
Tierra del Fuego

Elizabeth
    $600 8
The Beach

Tom
    $600 13
appendix

Catherine
    $600 23
"Bad Moon Rising"

Tom
    $600 3
jabber

Tom
    $800 19
A Midsummer Night's Dream

Elizabeth
    $2,000 29
(Elizabeth: What is plate?)

silver

Elizabeth
    $800 9
European Union

Elizabeth
    $800 14
(Catherine: What is the skin?)

eye

CatherineTom
    $800 24
(Alex: Kim Novak was dancing with William Holden, but who was looking at William Holden?)

"Moonglow" (from Picnic)

Triple Stumper
    $800 4
m (for "mutter")

Elizabeth
    $1000 20
Jack Ruby

Catherine
    $1000 30
Peronist Party (party of Juan Peron)

Triple Stumper
    $1000 10
rhinestone

Elizabeth
    $1000 15
(Paul) Broca

Elizabeth
    $1000 25
(Alex: With a minute to go.)

"Man on the Moon"

Elizabeth
    $1000 5
pontificate

Tom

Scores at the first commercial break (after clue 15):

Elizabeth Catherine Tom
$4,600 $200 $3,400

Scores at the end of the Jeopardy! Round:

Elizabeth Catherine Tom
$6,600 $1,400 $4,400

Double Jeopardy! Round responses

I LOVE THE KNIGHT LIFE
THE SPORTING NEWS
SHORT STORIES
ORGANIZATIONS
CANADIAN P.M.s
FROM A TO ALMOST Z
(Alex: Each correct response will begin with the letter "A" & end with a letter; it might be "Z", it might be a letter just short of "Z".)
    $400 19
sword

Elizabeth
    $400 14
boxing

Tom
    $400 6
Stephen Crane

Elizabeth
    $400 9
"Profiles in Courage"

Catherine
    $400 26
Conservative or Liberal

Tom
    $400 1
aviary

Elizabeth
    $800 20
page

Elizabeth
    $800 15
grand prix

Tom
    $800 7
Ernest Hemingway

Triple Stumper
    $800 10
OPEC

Elizabeth
    $800 2
(Catherine: What is awry?)
(Alex: We'll accept that. I have never been awry. I have been askew on many walls!)

askew (awry accepted)

Catherine
    $1200 21
beaver

Elizabeth
    $1200 16
hockey pucks

Catherine
    $1200 8
Blonde

Triple Stumper
    $1200 11
ACLU

Tom
    $1200 3
(Tom: What is apothecary?)

assay

CatherineTom
    $3,000 22
(Alex: And we have about a minute to deal with the remaining clues.)

Maryland

Elizabeth
    $1600 17
sky hook

Tom
    $1600 24
Flannery O'Connor

Elizabeth
    $2,000 12
(Tom: [no response])

Rita Hayworth (she suffered from Alzheimer's before her death)

Tom
    $1600 4
anticlimax

Triple Stumper
    $2000 23
The Yeomen of the Guard

Triple Stumper
    $2000 18
duckpin bowling

Triple Stumper
    $2000 25
(Catherine: Who is Mark Twain?)

O. Henry

Catherine
Triple Stumper
    $2000 13
Mensa

Elizabeth
    $2000 27
[The end-of-round signal sounds.]
(Alex: Oh, darn, I wanted to hear more about those Canadian prime ministers!)

Lester Pearson

Triple Stumper
    $2000 5
allegory

Triple Stumper

Scores at the end of the Double Jeopardy! Round:

Elizabeth Catherine Tom
$17,200 $3,000 $5,600
(lock game)

[wagering suggestions for these scores]

Final Jeopardy! Round responses

SCIENCE
(Alex: A sonic boom occurs around 700-&-some mph.)
CatherineWhat is the speed of light?
$2,700
TomWhat is a sonic boom!
$401
ElizabethWhat is the speed of sound?
$6,000
escaping the Earth's gravity (& go off into outer space, on your way to the Moon, for instance)

Final scores:

Elizabeth Catherine Tom
$11,200 $300 $5,199
2-day champion: $18,300 3rd place: $1,000 2nd place: $2,000

Game dynamics:

Coryat scores:

Elizabeth Catherine Tom
$17,800 $3,000 $7,600
23 R
(including 1 DD),
1 W
(including 1 DD)
9 R,
2 W
13 R,
3 W
(including 1 DD)

Combined Coryat: $28,400

[game] [game scores] [suggest correction]

Game tape date: 2002-09-18
The J! Archive is created by fans, for fans. Scraping, republication, monetization, and malicious use prohibited; this site may use cookies and collect identifying information. See terms. The Jeopardy! game show and all elements thereof, including but not limited to copyright and trademark thereto, are the property of Jeopardy Productions, Inc. and are protected under law. This website is not affiliated with, sponsored by, or operated by Jeopardy Productions, Inc. Join the discussion at JBoard.tv.